Lyrics: Auf den Grund - Wincent Weiss - Statistiken

Allgemein
  • Dieses Quiz wurde 9 mal gespielt
  • Das Durchschnittsergebnis liegt bei 171 aus 246
Antwortstatistiken
Antwort % Korrekt
alle
100%
an
100%
auf
100%
da
100%
Da
100%
den
100%
Grund
100%
ich
100%
Ich
100%
meine
100%
mit
100%
nicht
100%
noch
100%
nur
100%
so
100%
Wenn
100%
Wie
100%
wo
100%
Zu
100%
zum
100%
dann
80%
das
80%
Das
80%
Denn
80%
der
80%
Die
80%
die
80%
du
80%
Ein
80%
ein
80%
man
80%
mich
80%
mir
80%
nie
80%
sich
80%
stark
80%
und
80%
Und
80%
uns
80%
viel
80%
Was
80%
aller
60%
Ängste
60%
aus
60%
bin
60%
bis
60%
Bis
60%
bleibt
60%
Dahin
60%
dich
60%
gar
60%
Gehst
60%
genauso
60%
hoff‘
60%
immer
60%
kannst
60%
Kannst
60%
Krisen
60%
lieben?
60%
liegen
60%
mehr
60%
meinen
60%
nach
60%
Punkt
60%
Sag‘
60%
Schätzen
60%
sieht?
60%
sind
60%
tief
60%
tiefsten
60%
trag‘
60%
vielleicht
60%
weil
60%
wiegen
60%
aufgeräumt
40%
Beton
40%
Dinge
40%
dir
40%
du‘s
40%
etwas
40%
fehlt
40%
Fühlst
40%
Gleiche
40%
hab‘
40%
Herz
40%
Hier
40%
in
40%
Karton
40%
Luft
40%
machen
40%
meinst
40%
mitnehm‘
40%
muss
40%
niemand
40%
Sachen
40%
staut
40%
tauchen
40%
tausend
40%
Tränen
40%
traurig
40%
tut
40%
unten
40%
Vater
40%
verdienst
40%
weh
40%
Wellen
40%
wirklich
40%
zeige
40%
Zeige
40%
Zeug
40%
Zweifel
40%
anvertraut
20%
Irgendetwas
20%
jedem
20%
manches
20%
oben
20%
toben
20%
treibt
20%
Keine übereinstimmenden Quizze gefunden
Verteilung der Resultate
Anzahl Personen mit jedem Resultat
Perzentil nach korrekt beantworteten Fragen
Ihre Resultats-Entwicklung
Sie haben dieses Quiz noch nicht gespielt